Introducción al álgebra lineal

Bibliographic Details
Main Author: Anton, Howard
Format: Section = Libro
Language:Undetermined
Spanish
Published: México Limusa 1976
Subjects:
LEADER 00446nam a2200181Ia 4500
008 240829s9999 xx 000 0 und d
020 |a 968-18-0631-X 
040 |a BIBLIOTECA-RUSB/ 512.5 A634 
041 |a spa 
082 |a 512.5 A634 
100 1 |a Anton, Howard 
245 1 0 |a Introducción al álgebra lineal 
260 |a México  |b Limusa  |c 1976 
300 |a 356 p. :il. 
650 7 |a ALGEBRA LINEAL 
942 |c BK  |2 ddc 
991 |a TEXTO 
999 |c 1456